000 00363nam a2200133Ia 4500
008 150201s2012 xx 000 0 und d
082 _a658.4033
_bVOH
100 _aVohra,N.D
245 _aQuantitative techniques in management
250 _a4th Ed.
260 _bTata McGraw Hill Education Private Limited
_aNew Delhi
_c2012
300 _a1063p.
942 _2ddc
_cBK
999 _c5539
_d5539